| 000 | 00589nam a2200217Ia 4500 | ||
|---|---|---|---|
| 003 | OSt | ||
| 005 | 20230603115840.0 | ||
| 008 | 210423s2006 xx 000 0 und d | ||
| 040 | _cAL | ||
| 041 | _aeng | ||
| 082 |
_a323 _223 _bCHIV |
||
| 100 |
_aCHITRASEN,Ed _9119253 |
||
| 245 | _aVoilence against women and human right | ||
| 260 |
_aNew Delhi _bAlfa Publications _c2006 |
||
| 300 | _av,294 | ||
| 365 |
_b695 _cINR |
||
| 650 |
_aCivil & Political Rights _9119254 |
||
| 650 |
_aPolitical Science _9119255 |
||
| 906 | _aagainst ; human ; right ; Voilence ; women | ||
| 942 |
_2ddc _cBK |
||
| 999 |
_c174835 _d174835 |
||